Kúpiť si byt do vlastníctva sa vyplatí
Legislatíva upravujúca v SR kúpu bytov v obecnom vlastníctve. Ceny pozemkov patriacich k bytom, postupný rast cien, súčasný stav. Stavebné sporenie, 40 perc. prémie od štátu a nízky úver nahrádzajú príspevky štátu na byty do r.1989. Minimálne prevody nehnuteľností, daňové podvody v súvislosti s ceno...
Gespeichert in:
| 1. Verfasser: | |
|---|---|
| Format: | Buchkapitel |
| Sprache: | Slowakisch |
| Schlagworte: | |
| Tags: |
Keine Tags, Fügen Sie das erste Tag hinzu!
|
MARC
| LEADER | 00000naa a2200000 4500 | ||
|---|---|---|---|
| 001 | r015796 | ||
| 005 | 20221213114526.5 | ||
| 041 | 0 | |a slo | |
| 044 | |a SK | ||
| 245 | 1 | 0 | |a Kúpiť si byt do vlastníctva sa vyplatí |c M. Trubáček |
| 520 | |a Legislatíva upravujúca v SR kúpu bytov v obecnom vlastníctve. Ceny pozemkov patriacich k bytom, postupný rast cien, súčasný stav. Stavebné sporenie, 40 perc. prémie od štátu a nízky úver nahrádzajú príspevky štátu na byty do r.1989. Minimálne prevody nehnuteľností, daňové podvody v súvislosti s cenou nehnuteľností. | ||
| 610 | 2 | 0 | |a byty |
| 610 | 2 | 0 | |a kúpa |
| 610 | 2 | 0 | |a predaj |
| 610 | 2 | 0 | |a nehnuteľnosti |
| 610 | 2 | 0 | |a Slovensko |
| 610 | 2 | 0 | |a cena nehnuteľností |
| 610 | 2 | 0 | |a sporenie obyvateľstva |
| 100 | 1 | |a Trubáček, M. | |